Managing organizational behavior : (Record no. 23580)

MARC details
000 -LEADER
fixed length control field 01161nam a2200337#a 4500
001 - CONTROL NUMBER
control field 02020
003 - CONTROL NUMBER IDENTIFIER
control field HDC
007 - PHYSICAL DESCRIPTION FIXED FIELD--GENERAL INFORMATION
fixed length control field ta
008 - FIXED-LENGTH DATA ELEMENTS--GENERAL INFORMATION
fixed length control field 230623s2013 xx 000 0 eng d
020 ## - INTERNATIONAL STANDARD BOOK NUMBER
International Standard Book Number 9780071314558 (pbk)
040 ## - CATALOGING SOURCE
Original cataloging agency HDC
050 ## - LIBRARY OF CONGRESS CALL NUMBER
Classification number HD30.4
Item number .B355 2013
100 ## - MAIN ENTRY--PERSONAL NAME
Personal name Baldwin, Timothy T.
245 #0 - TITLE STATEMENT
Title Managing organizational behavior :
Remainder of title what great managers know and do /
Statement of responsibility, etc. Timothy T. Baldwin, William H. Bommer, Robert S. Rubin.
250 ## - EDITION STATEMENT
Edition statement 2nd ed.
264 ## - PRODUCTION, PUBLICATION, DISTRIBUTION, MANUFACTURE, AND COPYRIGHT NOTICE
Place of production, publication, distribution, manufacture New York :
Name of producer, publisher, distributor, manufacturer McGraw-Hill Irwin,
Date of production, publication, distribution, manufacture, or copyright notice c2013.
300 ## - PHYSICAL DESCRIPTION
Extent xxxvi,584p. :
Other physical details ill., map ;
Dimensions 28cm.
500 ## - GENERAL NOTE
General note Rev. ed. of: Developing management skills : what great managers know and do / Timothy T. Baldwin, William H. Bommer, Robert S. Rubin. 2008
504 ## - BIBLIOGRAPHY, ETC. NOTE
Bibliography, etc. note Includes bibliographical references and indexes.
650 ## - SUBJECT ADDED ENTRY--TOPICAL TERM
Topical term or geographic name entry element Executive ability.
650 ## - SUBJECT ADDED ENTRY--TOPICAL TERM
Topical term or geographic name entry element Management
General subdivision Study and teaching.
650 ## - SUBJECT ADDED ENTRY--TOPICAL TERM
Topical term or geographic name entry element Organizational behavior.
700 ## - ADDED ENTRY--PERSONAL NAME
Personal name Baldwin, Timothy T.
Title of a work Developing management skills.
700 ## - ADDED ENTRY--PERSONAL NAME
Personal name Bommer, William.
700 ## - ADDED ENTRY--PERSONAL NAME
Personal name Rubin, Robert S.
700 ## - ADDED ENTRY--PERSONAL NAME
Personal name Rubin, Robert S.
942 ## - ADDED ENTRY ELEMENTS (KOHA)
Source of classification or shelving scheme Library of Congress Classification
942 ## - ADDED ENTRY ELEMENTS (KOHA)
Koha item type Book
942 ## - ADDED ENTRY ELEMENTS (KOHA)
Call number prefix HD30.4
942 ## - ADDED ENTRY ELEMENTS (KOHA)
Call number suffix .B355 2013
Holdings
Withdrawn status Lost status Source of classification or shelving scheme Damaged status Not for loan Collection Home library Current library Shelving location Date acquired Total checkouts Full call number Barcode Date last seen Price effective from Koha item type
    Library of Congress Classification     Non-fiction Halal Development Corporation Library Halal Development Corporation Library Open Shelves 17/11/2020   HD30.4 .B355 2013 HDC0001393 24/05/2023 24/05/2023 Book
Halal Development Corporation Berhad (HDC)
5.02 Level 5, KPMG Tower, First Avenue, Persiaran Bandar Utama, 47800 Petaling Jaya, Selangor Darul Ehsan
Phone: +603 7965 5489 Email: [email protected]